Legend of Zelda Songs - Statistics

General Stats
  • This quiz has been taken 38 times
  • The average score is 14 of 45
Answer Stats
Game First Played Song % Correct
Ocarina of Time Song of Storms
83%
Ocarina of Time Song of Time
77%
Ocarina of Time Zelda's Lullaby
77%
Ocarina of Time Saria's Song
71%
Ocarina of Time Epona's Song
63%
Spirit Tracks Song of Healing
60%
Majora's Mask Song of Healing
60%
Ocarina of Time Bolero of Fire
57%
Link's Awakening Ballad of the Wind Fish
54%
Ocarina of Time Minuet of Forest
51%
Ocarina of Time Nocturne of Shadow
51%
Skyward Sword Ballad of the Goddess
49%
Ocarina of Time Prelude of Light
49%
Ocarina of Time Sun's Song
49%
Ocarina of Time Requiem of Spirit
46%
Ocarina of Time Serenade of Water
46%
Ocarina of Time Scarecrow's Song
43%
Majora's Mask Song of Soaring
40%
Majora's Mask Elegy of Emptiness
31%
Majora's Mask Song of Double Time
31%
Majora's Mask Goron Lullaby
26%
Majora's Mask Sonata of Awakening
26%
Majora's Mask Inverted Song of Time
23%
Majora's Mask New Wave Bossa Nova
23%
Majora's Mask Oath to Order
23%
Wind Waker Command Melody
20%
Spirit Tracks Song of Awakening
20%
Wind Waker Song of Passing
20%
Wind Waker Ballad of Gales
17%
Wind Waker Wind's Requiem
17%
Wind Waker Wind God's Aria
14%
Skyward Sword Din's Power
11%
Wind Waker Earth God's Lyric
11%
Skyward Sword Farore's Courage
11%
Link's Awakening Frog's Song of Soul
11%
Skyward Sword Nayru's Wisdom
11%
Skyward Sword Song of the Hero
11%
Link's Awakening Manbo's Mambo
6%
Oracle of Ages Tune of Ages
6%
Oracle of Ages Tune of Echoes
6%
Spirit Tracks Song of Birds
3%
Spirit Tracks Song of Discovery
3%
Oracle of Ages Tune of Currents
3%
Spirit Tracks Lokomo Song
0%
Spirit Tracks Song of Light
0%
No matching quizzes found
Score Distribution
Percent of People with Each Score
Percentile by Number Answered
Your Score History
You have not taken this quiz